Normal view
MARC view
- Journalists
Entry Topical Term
001 - CONTROL NUMBER
- control field: 91072
003 - CONTROL NUMBER IDENTIFIER
- control field: NUST
005 - DATE AND TIME OF LATEST TRANSACTION
- control field: 20220420120222.0
008 - FIXED-LENGTH DATA ELEMENTS
- fixed length control field: 220420|| aca||aabn | a|a d
040 ## - CATALOGING SOURCE
- Original cataloging agency: NUST
- Transcribing agency: NUST
150 ## - HEADING--TOPICAL TERM
- Topical term or geographic name entry element: Journalists
- Geographic subdivision: Hungary
- Geographic subdivision: Budapest
- Form subdivision: Biography
670 ## - SOURCE DATA FOUND
- Source citation: Work cat.: (NUST)0: Marton, Kati. 91067, Enemies of the people :, 2009.
